01203 a2200205 4500003000500000005001700005010001600022020001500038040000900053082001600062100002600078245008600104250001200190260011900202300003500321440006100356505051700417650002900934650003400963Nust20221209090249.0 a 91014092 a0675213118 cNust00a621.382,SCH1 aSchoenbeck, Robert J.10aElectronic communications :bmodulation and transmission /cRobert J. Schoenbeck. a2nd ed. aNew York :bMerrill ;aToronto :bMaxwell Macmillan Canada ;aNew York :bMaxwell Macmillan International,cc1992. axxiv, 645 p. :bill. ;c24 cm. 0aMerrill's international series in engineering technology aAmplitude Modulation Principles (Page-1), AM Transmitters (Page-26), Sideband Transmission (Page-71), AM Radio Receivers (Page-103), Frequency Modulation Principles (Page-169), Frequency Modulated Transmitters (Page-201), FM Receivers (Page-225), Transmission Lines (Page-263), Smith Charts (Page-301), Antennas (Page-333), Wave Propagation (Page-383), Microwave Systems and Devices (Page-399), The Communication Satellite (Page-463), Fiber Optics (Page-487), Digital Modulation (Page-535), Television (Page-607) 0aModulation (Electronics) 0aTelecommunication Engineering